006780000a22002050004500003001100000005001700011008004100028020001500069040003900084041000800123082001600131100001700147245008200164260004800246300002400294650004400318942000700362952009000369999001300459LK-CoMWRAF20230908140251.0230817t1998 ||||| |||| 00| 0 eng d a0801485053 aLK-CoMWRAFdLK-CoMWRAFeLK-CoMWRAF aeng a820.99bYEL aYelin, Louse aFrom the margins of empire :bChristina Stead, Doris Lessing, Nadine Gordimer aNew York :bCornell University press,c1998 aix, 197 p. ; 24 cm. aLiterature and Politics in South Africa cBK 00104070aMAINbMAINd2023-08-17l0o820.99 YELpRAF948r2023-08-17w2023-08-17yBK c733d733